| 000 | 00908nam a2200253Ia 4500 | ||
|---|---|---|---|
| 003 | GCL | ||
| 008 | 140319s9999 xx 000 0 ara d | ||
| 040 |
_aGCL / _cGCL |
||
| 082 | 0 | 4 |
_a930 _bل ح |
| 100 | 1 | _aلبيب عبدالساتر | |
| 245 | 1 | 0 |
_aالحضارات / _cلبيب عبدالساتر |
| 300 | _a346 ص | ||
| 490 |
_aالهيئة العامة للاستعلامات _v0 |
||
| 650 | 0 | 4 | _aالحضارة العربية الاسلامية - المعارف البحرية |
| 650 | 0 | 4 | _aالحضارة الفرعونية |
| 650 | 0 | 4 | _aالحضارة الاغريقية |
| 650 | 0 | 4 | _aالحضارة الرومانية |
| 650 | 0 | 4 | _aالحضارة القديمة |
| 650 | 0 | 4 | _aالحضارة الهندية القديمة |
| 650 | 0 | 4 | _aالحضارة الصينية |
| 650 | 0 | 4 | _aالعالم القديم - تاريخ |
| 650 | 0 | 4 | _aالحضارة الفينيقية |
| 942 |
_2ddc _cBK |
||
| 999 |
_c49664 _d49664 |
||